Catàleg de l'Hemeroteca Municipal de Lleida
Descripción Física:
[90] p. : il. ; 21'5 cm
MARC
| LEADER | 00000nam a2200000Ia 4500 | ||
|---|---|---|---|
| 001 | 10819 | ||
| 003 | BGR | ||
| 005 | 20260324175648.0 | ||
| 008 | 160829s1994 xx 000 0 cat d | ||
| 080 | |a A-2-29 | ||
| 110 | 1 | |a Arxiu Municipal de Lleida |9 70355 |b Hemeroteca | |
| 245 | |a Catàleg de l'Hemeroteca Municipal de Lleida | ||
| 260 | |a La Paeria : |b Ajuntament de Lleida, |c 1994 | ||
| 300 | |a [90] p. : |b il. ; |c 21'5 cm | ||
| 650 | |a Arxiu Municipal de Lleida. Hemeroteca |x Catàlegs |9 37090 | ||
| 710 | 1 | |a Lleida (Catalunya). |b Ajuntament |9 54073 | |
| 901 | |a Arxiu | ||
| 942 | |n 1 |2 udc |c MON | ||
| 952 | |0 0 |1 0 |4 0 |6 A229 |7 1 |9 47647 |a Arxiu |b Arxiu |d 2016-12-01 |l 0 |o A-2-29 |p 10819 |r 2016-12-01 00:00:00 |w 2016-12-01 |y ARXIU | ||
| 999 | |c 51446 |d 51446 | ||